Estudios Jurd̕icos en Homenaje al Maestro Nštor Ral︢ Luna Hernǹdez

Bibliographic Details
Format: eBook
Language:Spanish
Published: Guanajuato: Universidad de Guanajuato, 2007
Subjects:
Online Access:Acceso restringido

MARC

LEADER 00000nam a22000007a 4500
005 20131030154228.0
007 cr|||| ||||
008 131030s2007 mx |||||s|||| 01||0 spa d
020 |a 968-864-467-6 
035 |a 11596 
040 |a vLex 
090 |c 4565  |d 4565 
245 0 0 |a Estudios Jurd̕icos en Homenaje al Maestro Nštor Ral︢ Luna Hernǹdez  |h [Recurso electrn̤ico] 
256 |a Servicio en ln̕ea 
260 |a Guanajuato:  |b Universidad de Guanajuato,  |c 2007 
300 |a 1 recurso electrn̤ico 
506 1 |a Contenido solo disponible en los productos indicados  |d vLex Global  |d vLex Global (Academic Edition, excluding Law Schools)  |d vLex Global (U.S. Academic Edition, Law Schools)  |d vLex Global (U.S. Academic Edition, excluding Law Schools)  |d vLex Global (Academic Edition, Law Schools) 
650 0 4 |a Estudios jurd̕icos  |z Mx̌ico 
740 0 |a vLex Libros (Servicio en ln̕ea) 
856 4 0 |u http://vlex.com/source/estudios-juridicos-homenaje-maestro-nestor-raul-luna-hernandez-11596  |z Acceso restringido 
942 |c BOOK 
999 |a Law